000 00351nam a2200157Ia 4500
999 _c14165
_d14165
003 OSt
005 20260401125715.0
008 260210s9999 xx 000 0 und d
020 _a9789881296757
082 _a725.2
100 _aTIAGODO VALE
245 0 _aURBAN COMPLEX
260 _bDESIGN MEDIA PUB 2014
260 _c2014
942 _cBPLAN
_2ddc